[Event "Russian Championship B11 2016"]
[Site "Loo"]
[Date "2016.04.21"]
[Round "2.20"]
[White "Prokhorov, Stepan"]
[Black "Kasparov, Georgy"]
[Result "1-0"]
[WhiteElo "1689"]
[BlackElo "1365"]
[PlyCount "95"]
[EventDate "2016.04.20"]

1. e4 c5 2. Nf3 Nc6 3. c3 Nf6 4. e5 Nd5 5. d4 cxd4 6. cxd4 d6 7. Bc4 Nb6 8. Bb5
Bd7 9. exd6 e6 10. Bg5 f6 11. Bf4 Nc8 12. d5 e5 13. dxc6 bxc6 14. Bc4 Nxd6 15.
Qe2 Nxc4 16. Qxc4 exf4 17. Qxf4 Be7 18. Qc4 Qa5+ 19. Nc3 Rb8 20. Rb1 Bf5 21.
Qxc6+ Kf8 22. Rc1 Rxb2 23. O-O Kf7 24. Nd4 Rc8 25. Qf3 Bd7 26. Nb3 Qa6 27. Qh5+
Kg8 28. Nd5 Rxc1 29. Nxe7+ Kf8 30. Rxc1 Rxa2 31. Qc5 Qe6 32. Ng6+ Kf7 33. Nd4
Qg4 34. Qc4+ Kxg6 35. Qxa2 Qxd4 36. Qc2+ Bf5 37. Qc3 Qb6 38. Qg3+ Kh6 39. Qf4+
Kg6 40. Qg3+ Kh5 41. Qxg7 Qb2 42. Qf7+ Bg6 43. Qd5+ Kh6 44. Qc5 a5 45. Qe3+ Kg7
46. Rc7+ Bf7 47. Qg3+ Kh8 48. Rc8+ 1-0

[Event "Russian Championship B11 2016"]
[Site "Loo"]
[Date "2016.04.21"]
[Round "2.22"]
[White "Dubinenko, Konstantin"]
[Black "Mamochev, Aleksei"]
[Result "0-1"]
[WhiteElo "1483"]
[BlackElo "1598"]
[PlyCount "80"]
[EventDate "2016.04.20"]

1. e4 c6 2. Nc3 d5 3. Nf3 e6 4. d4 Ne7 5. Bd3 Nd7 6. O-O dxe4 7. Nxe4 Ng6 8.
Re1 Be7 9. Be3 O-O 10. Qd2 Nf6 11. Nxf6+ Bxf6 12. Rad1 Qe7 13. Qc3 c5 14. Qxc5
Qxc5 15. dxc5 Bxb2 16. Rb1 Bc3 17. Re2 Ne7 18. Ng5 h6 19. Ne4 Nd5 20. Nd6 Be5
21. Bd2 Bd4 22. c4 Nf6 23. Be3 Bxe3 24. Rxe3 Nd7 25. Rb5 a6 26. Ra5 Rd8 27. Be4
Nxc5 28. Rxc5 Rxd6 29. Bf3 Bd7 30. Rc7 Bc6 31. h3 Bxf3 32. gxf3 b6 33. Rb3 Rad8
34. Rb7 Rd2 35. a3 Rc2 36. R3xb6 Rdd2 37. Rxa6 Rxf2 38. Ra8+ Kh7 39. Raa7 Rfd2
40. Rxf7 Rd1# 0-1

[Event "Russian Championship B11 2016"]
[Site "Loo"]
[Date "2016.04.21"]
[Round "2.23"]
[White "Kagan, Mikhail"]
[Black "Nikolaev, Matvei"]
[Result "1-0"]
[WhiteElo "1429"]
[BlackElo "1569"]
[PlyCount "65"]
[EventDate "2016.04.20"]

1. e4 e5 2. Nf3 Nc6 3. d4 exd4 4. Nxd4 Nf6 5. Nc3 g6 6. Nxc6 bxc6 7. Be3 d6 8.
Bd3 Bg7 9. Qd2 O-O 10. O-O-O Be6 11. h3 c5 12. Rdg1 Qb8 13. Bh6 Qb7 14. Bxg7
Kxg7 15. g4 c4 16. g5 Nd7 17. Be2 Kg8 18. h4 Rab8 19. b3 Nc5 20. h5 cxb3 21.
hxg6 fxg6 22. Bb5 a6 23. Qd4 axb5 24. Kb2 Nd7 25. Rh6 bxa2 26. Rgh1 Ra8 27.
Nxa2 Rxa2+ 28. Kb1 Qc6 29. c3 Rfxf2 30. Qh8+ Kxh8 31. Rxh7+ Kg8 32. Rh8+ Kf7
33. R1h7# 1-0

[Event "Russian Championship B13 1st league 2016"]
[Site "Loo"]
[Date "2016.04.21"]
[Round "2.1"]
[White "Fonichkin, Egor"]
[Black "Volovich, Vasily"]
[Result "1/2-1/2"]
[WhiteElo "1631"]
[BlackElo "1875"]
[PlyCount "99"]
[EventDate "2016.04.20"]

1. e4 e5 2. Nf3 Nc6 3. Nc3 Nf6 4. d4 exd4 5. Nxd4 Bb4 6. Nxc6 bxc6 7. Bg5 Qe7
8. Bd3 h6 9. Bxf6 Qxf6 10. Qd2 O-O 11. O-O Bb7 12. a3 Be7 13. Rae1 Qd4 14. Qe3
Qxe3 15. Rxe3 Rae8 16. Re2 Bf6 17. f4 Bd4+ 18. Kh1 d6 19. Rfe1 Re7 20. Nd1 g6
21. c3 Bg7 22. Kg1 c5 23. Kf2 Rfe8 24. b3 Kf8 25. a4 a5 26. Bb5 c6 27. Bd3 Ba8
28. Kf1 Bb7 29. Kf2 Bc8 30. h3 Be6 31. c4 Bd4+ 32. Kf1 Rb7 33. Bc2 Reb8 34. g4
f6 35. f5 gxf5 36. exf5 Bf7 37. Ne3 d5 38. cxd5 cxd5 39. Rd1 Rxb3 40. Bxb3 Rxb3
41. Nc2 Be5 42. Red2 d4 43. h4 Bd5 44. g5 hxg5 45. hxg5 Rh3 46. gxf6 Bf3 47.
Nxd4 Rh1+ 48. Kf2 Rxd1 49. Nxf3 Rxd2+ 50. Nxd2 1/2-1/2

[Event "Russian Championship B13 1st league 2016"]
[Site "Loo"]
[Date "2016.04.21"]
[Round "2.2"]
[White "Zhukov, Maksim"]
[Black "Aslanyan, Razmik"]
[Result "1-0"]
[WhiteElo "1861"]
[BlackElo "1630"]
[PlyCount "51"]
[EventDate "2016.04.20"]

1. d4 d5 2. c4 e6 3. Nc3 c6 4. cxd5 exd5 5. Bf4 Bf5 6. e3 Nf6 7. Bd3 Bxd3 8.
Qxd3 Bd6 9. Nge2 O-O 10. O-O Re8 11. f3 Bxf4 12. Nxf4 Qd6 13. Rae1 Nbd7 14.
Nfe2 Rad8 15. e4 dxe4 16. fxe4 Nc5 17. Qc2 Ncxe4 18. Nxe4 Rxe4 19. Rxf6 Qe7 20.
Rf2 Rexd4 21. Ref1 Rd2 22. Qb3 Rf8 23. Ng3 Rxf2 24. Rxf2 Rd8 25. Nf5 Qc5 26.
Nh6+ 1-0

[Event "Russian Championship B13 1st league 2016"]
[Site "Loo"]
[Date "2016.04.21"]
[Round "2.3"]
[White "Aralovetc, Mikhail"]
[Black "Galiev, Irek"]
[Result "0-1"]
[WhiteElo "1625"]
[BlackElo "1859"]
[PlyCount "58"]
[EventDate "2016.04.20"]

1. e4 c5 2. Nf3 e6 3. d4 cxd4 4. Nxd4 a6 5. Nc3 Qc7 6. Bd3 Nf6 7. Be3 b5 8. a3
Bb7 9. f3 Nc6 10. Nce2 d5 11. Nxc6 Bxc6 12. exd5 Nxd5 13. Qd2 Nxe3 14. Qxe3 Bd6
15. O-O-O b4 16. axb4 Bxb4 17. c3 Be7 18. Be4 Rb8 19. Bxc6+ Qxc6 20. Nd4 Qa4
21. Qe4 O-O 22. h4 Rxb2 23. Kxb2 Ba3+ 24. Ka2 Bb4+ 25. Kb1 Bxc3 26. Qe5 Rc8 27.
Rc1 Qb4+ 28. Kc2 Bxd4+ 29. Kd3 Rc3+ 0-1

[Event "Russian Championship B13 1st league 2016"]
[Site "Loo"]
[Date "2016.04.21"]
[Round "2.4"]
[White "Dudin, Gleb"]
[Black "Dunaev, Denis"]
[Result "1-0"]
[WhiteElo "1857"]
[BlackElo "1628"]
[PlyCount "79"]
[EventDate "2016.04.20"]

1. Nf3 b6 2. g3 Bb7 3. Bg2 e6 4. d4 f5 5. O-O Nf6 6. c4 Be7 7. Nc3 Ne4 8. Qc2
O-O 9. Nd2 d5 10. cxd5 exd5 11. Qb3 Kh8 12. Ndxe4 dxe4 13. Bf4 Bd6 14. Bxd6
cxd6 15. e3 Nc6 16. Rfc1 Na5 17. Qd1 d5 18. Bf1 Qe7 19. b3 a6 20. Na4 Qd6 21.
h4 Rfc8 22. Qd2 Kg8 23. Rxc8+ Rxc8 24. Rc1 Rxc1 25. Qxc1 Kf7 26. Qd1 g6 27. Be2
Ke7 28. Qf1 b5 29. Nc5 Qb6 30. a4 Bc6 31. b4 Nc4 32. a5 Qa7 33. h5 Kf7 34. Qh3
Kg7 35. Qh4 Na3 36. hxg6 hxg6 37. Ne6+ Kg8 38. Qf6 Qf7 39. Qxf7+ Kxf7 40. Nd8+
1-0

[Event "Russian Championship B13 1st league 2016"]
[Site "Loo"]
[Date "2016.04.21"]
[Round "2.5"]
[White "Kozlov, Denis"]
[Black "Bobkov, Vadim"]
[Result "0-1"]
[WhiteElo "1617"]
[BlackElo "1839"]
[PlyCount "54"]
[EventDate "2016.04.20"]

1. d4 d5 2. c4 e6 3. Nf3 Nf6 4. g3 dxc4 5. Qa4+ c6 6. Qxc4 b5 7. Qc2 Bb7 8. Bg2
Nbd7 9. O-O Qb6 10. Bg5 c5 11. dxc5 Bxc5 12. Nc3 h6 13. Bxf6 Nxf6 14. e3 Rc8
15. Rac1 O-O 16. Qb3 a6 17. a3 Rfd8 18. Qc2 a5 19. Rfd1 Ng4 20. Qe2 Nxe3 21.
Rxd8+ Rxd8 22. Qxb5 Nxg2 23. Kxg2 Bxf2 24. Qe2 Be3 25. Rc2 g5 26. g4 Bf4 27.
Ne4 f5 0-1

[Event "Russian Championship B13 1st league 2016"]
[Site "Loo"]
[Date "2016.04.21"]
[Round "2.6"]
[White "Zemskov, Roman"]
[Black "Ivlev, Aleksandr"]
[Result "1-0"]
[WhiteElo "1824"]
[BlackElo "1625"]
[PlyCount "103"]
[EventDate "2016.04.20"]

1. Nf3 Nf6 2. d3 g6 3. g3 Bg7 4. Bg2 O-O 5. e4 d6 6. O-O e5 7. c3 Ne8 8. Ng5 f6
9. Qb3+ d5 10. Nh3 c6 11. exd5 Kh8 12. f4 Bxh3 13. Bxh3 Qb6+ 14. Qxb6 axb6 15.
Bg2 Nc7 16. dxc6 Nxc6 17. Be3 b5 18. Na3 Rfc8 19. fxe5 fxe5 20. Bh3 Rf8 21. Bg2
Rfc8 22. Bb6 Ra6 23. Bh3 Rxb6 24. Bxc8 Na7 25. Bh3 Rf6 26. Bg2 b6 27. Rad1
Rxf1+ 28. Kxf1 Kg8 29. Nc2 Kf7 30. d4 Ke6 31. Bh3+ Kd6 32. dxe5+ Kc6 33. e6 Nc8
34. Bg2+ Kc5 35. Bb7 Nd6 36. b4+ Kc4 37. Rxd6 Kxc3 38. Rc6+ Kb2 39. Rxc7 Bf6
40. e7 Bxe7 41. Rxe7 Kxc2 42. Re5 h5 43. Rxb5 h4 44. Rxb6 hxg3 45. hxg3 g5 46.
Bf3 g4 47. Rc6+ Kb2 48. b5 gxf3 49. b6 Ka1 50. b7 f2 51. b8=Q Kxa2 52. Ra6# 1-0

[Event "Russian Championship B13 1st league 2016"]
[Site "Loo"]
[Date "2016.04.21"]
[Round "2.7"]
[White "Bokov, Egor"]
[Black "Kamaev, Dzhabrail"]
[Result "0-1"]
[WhiteElo "1615"]
[BlackElo "1823"]
[PlyCount "102"]
[EventDate "2016.04.20"]

1. d4 Nf6 2. c4 g6 3. g3 Bg7 4. Bg2 d6 5. Nc3 O-O 6. e3 Nbd7 7. Nge2 e5 8. b3
Ne8 9. Ba3 f5 10. O-O Nef6 11. dxe5 Nxe5 12. c5 dxc5 13. Bxc5 Re8 14. Qxd8 Rxd8
15. Rfd1 Rxd1+ 16. Rxd1 c6 17. Bd4 Nf7 18. e4 Nxe4 19. Nxe4 fxe4 20. Bxg7 Kxg7
21. Bxe4 Ng5 22. Bg2 Bg4 23. Kf1 Re8 24. Rd2 Kf7 25. Nf4 Bf3 26. Rd7+ Re7 27.
Rxe7+ Kxe7 28. Nd3 Bxg2+ 29. Kxg2 Ne4 30. f4 b5 31. Kf3 Nc3 32. Ne5 Kd6 33.
Nf7+ Ke7 34. Ne5 Kd6 35. Nf7+ Kd5 36. g4 Nxa2 37. f5 gxf5 38. gxf5 Nc3 39. Kf4
a5 40. Nd8 Ne4 41. Nxc6 Kxc6 42. Kxe4 a4 43. bxa4 bxa4 44. Kd4 Kd6 45. Kc4 Ke5
46. Kb4 Kxf5 47. Kxa4 Kg4 48. Kb4 Kh3 49. Kc4 Kxh2 50. Kd4 h5 51. Ke4 Kg3 0-1

[Event "Russian Championship B13 1st league 2016"]
[Site "Loo"]
[Date "2016.04.21"]
[Round "2.8"]
[White "Mutovin, Egor"]
[Black "Anchikov, Vladimir"]
[Result "1-0"]
[WhiteElo "1801"]
[BlackElo "1619"]
[PlyCount "129"]
[EventDate "2016.04.20"]

1. d4 d5 2. Nf3 Nf6 3. c4 e6 4. Nc3 Be7 5. Bg5 O-O 6. e3 Nbd7 7. Qc2 c5 8. cxd5
cxd4 9. Nxd4 Nxd5 10. Bxe7 Qxe7 11. Nxd5 exd5 12. a3 Nf6 13. Be2 Be6 14. O-O
Rac8 15. Qd3 a6 16. Rfd1 Nd7 17. Bf3 Ne5 18. Qe2 Nxf3+ 19. Qxf3 Rc7 20. Rac1
Rfc8 21. Rxc7 Rxc7 22. h3 Rc4 23. Qf4 Qc7 24. Qg5 Rc1 25. Rxc1 Qxc1+ 26. Kh2
Qc8 27. Qe5 h6 28. f4 g6 29. Kg3 Kh7 30. Kf3 h5 31. Qf6 Qd7 32. Qg5 Kg7 33.
Qe5+ Kh7 34. Nxe6 fxe6 35. g4 hxg4+ 36. hxg4 Qc6 37. Kg3 Qc1 38. Kh4 Qh1+ 39.
Kg5 Qh6+ 40. Kf6 g5+ 41. Ke7 Qg7+ 42. Kxe6 Qg8+ 43. Kd6 Qd8+ 44. Kc5 Qa5+ 45.
Kd6 Qd8+ 46. Ke6 gxf4 47. Qxf4 Qe8+ 48. Kxd5 Qc6+ 49. Ke5 Qc5+ 50. Kf6 Qc6+ 51.
Kg5 Qh6+ 52. Kf5 Qg6+ 53. Ke5 Qg7+ 54. Qf6 Qc7+ 55. Kf5 Qc5+ 56. Kf4 Qc4+ 57.
Kg5 Qe2 58. Qf7+ Kh8 59. Kh6 Qxe3+ 60. g5 Qb6+ 61. Qf6+ Qxf6+ 62. gxf6 Kg8 63.
Kg6 b5 64. b4 Kf8 65. f7 1-0

[Event "Russian Championship B13 1st league 2016"]
[Site "Loo"]
[Date "2016.04.21"]
[Round "2.9"]
[White "Kovalev, Kirill"]
[Black "Polyakov, Anton"]
[Result "1-0"]
[WhiteElo "1597"]
[BlackElo "1799"]
[PlyCount "119"]
[EventDate "2016.04.20"]

1. e4 e5 2. Nf3 Nc6 3. Bc4 Nf6 4. Nc3 Bc5 5. d3 d6 6. h3 Be6 7. Bb3 Qe7 8. Be3
Bb6 9. Qe2 O-O-O 10. O-O-O Bxb3 11. axb3 Bxe3+ 12. Qxe3 d5 13. exd5 Nxd5 14.
Nxd5 Rxd5 15. Rhe1 Ra5 16. Kb1 f6 17. d4 Re8 18. Qc3 Rd5 19. dxe5 Rxd1+ 20.
Rxd1 Nxe5 21. Nxe5 Qxe5 22. Qd3 b6 23. Qxh7 Qe2 24. Qf5+ Kb8 25. Qd7 Re5 26. f4
Ra5 27. b4 Ra4 28. Qd8+ Kb7 29. Qd5+ Kb8 30. c3 Qa6 31. Kc2 Ra2 32. Qd7 Qe2+
33. Rd2 Qe4+ 34. Qd3 Qxd3+ 35. Rxd3 Kc8 36. Rg3 Ra1 37. Rxg7 Rf1 38. g3 Rf2+
39. Kb3 Rh2 40. h4 Kb7 41. Rg6 Rh3 42. Kc4 c6 43. Kd4 Kc7 44. Ke4 Kd6 45. Rxf6+
Ke7 46. Rg6 Kf7 47. Rxc6 Rxg3 48. Rc7+ Ke6 49. h5 Rh3 50. h6 Kd6 51. Rh7 Ke6
52. Rh8 Kf6 53. Kd5 Rh4 54. Kc6 Kg6 55. Kb7 Rxf4 56. Kxa7 Rf6 57. Rb8 Rf2 58.
Rxb6+ Kh7 59. c4 Rxb2 60. c5 1-0

[Event "Russian Championship B13 1st league 2016"]
[Site "Loo"]
[Date "2016.04.21"]
[Round "2.10"]
[White "Ril, Evgeny"]
[Black "Kryukov, Alexey"]
[Result "1/2-1/2"]
[WhiteElo "1797"]
[BlackElo "1617"]
[PlyCount "118"]
[EventDate "2016.04.20"]

1. e4 e5 2. Bc4 Nf6 3. d3 Bc5 4. Nc3 h6 5. f4 d6 6. Nf3 Nc6 7. Na4 Bb6 8. Nxb6
axb6 9. O-O Bg4 10. c3 O-O 11. h3 Bxf3 12. gxf3 Nh5 13. fxe5 Qh4 14. Rf2 Nxe5
15. f4 Qg3+ 16. Rg2 Nf3+ 17. Kf1 Qxh3 18. Kf2 Nh4 19. Rg4 Qh2+ 20. Ke3 Ng2+ 21.
Kf3 Nf6 22. Kf2 Nh4+ 23. Kf1 Nxg4 24. Qxg4 Kh8 25. f5 Kh7 26. Be3 g6 27. f6
Qh1+ 28. Kf2 Qh2+ 29. Kf1 g5 30. Bxg5 Qh1+ 31. Kf2 Qf3+ 32. Qxf3 Nxf3 33. Bxh6
Kxh6 34. Kxf3 Kg6 35. Rf1 Kxf6 36. Ke3+ Ke7 37. Kd4 f6 38. Rg1 Ra5 39. Rg7+ Kd8
40. Be6 Re5 41. Bf5 Re7 42. Rg6 c6 43. c4 Ke8 44. a4 Kf7 45. Rh6 Rg8 46. Rh7+
Rg7 47. Rh8 Re8 48. Rh2 Reg8 49. b3 Re8 50. Bd7 Re7 51. Bf5 Kg8 52. Rh6 Kf7 53.
Rh8 Re8 54. Rh2 b5 55. axb5 cxb5 56. Ra2 bxc4 57. bxc4 b6 58. Kd5 Ke7 59. Ra6
Rg3 1/2-1/2

[Event "Russian Championship B13 1st league 2016"]
[Site "Loo"]
[Date "2016.04.21"]
[Round "2.11"]
[White "Smelykh, Edvin"]
[Black "Erastov, Semen"]
[Result "0-1"]
[WhiteElo "1595"]
[BlackElo "1775"]
[PlyCount "76"]
[EventDate "2016.04.20"]

1. e4 c6 2. d4 d5 3. Nc3 dxe4 4. Nxe4 Bf5 5. Ng3 Bg6 6. Nh3 Nf6 7. Nf4 e6 8. h4
Nbd7 9. h5 Bf5 10. Nxf5 exf5 11. Bd3 Be7 12. c3 Ne4 13. Qb3 Nb6 14. Be3 Bg5 15.
Nh3 Bxe3 16. fxe3 Qh4+ 17. Kd1 Qg4+ 18. Kc1 Qxg2 19. Bxe4 fxe4 20. Qd1 Nd5 21.
Nf4 Nxf4 22. exf4 Qg3 23. Qd2 O-O-O 24. Qh2 Qe3+ 25. Qd2 Qf3 26. Kc2 e3 27. Qh2
Qe4+ 28. Kb3 Rhe8 29. Rhe1 e2 30. Qg3 Qd5+ 31. Kc2 Qxh5 32. Qxg7 Qf5+ 33. Kb3
Qxf4 34. Qxh7 f5 35. Qh5 Qe4 36. Qh3 Qe6+ 37. Kc2 f4 38. Qf3 Qe4+ 0-1

[Event "Russian Championship B13 1st league 2016"]
[Site "Loo"]
[Date "2016.04.21"]
[Round "2.12"]
[White "Amirov, Ramil"]
[Black "Trofimov, Ivan"]
[Result "0-1"]
[WhiteElo "1773"]
[BlackElo "1597"]
[PlyCount "118"]
[EventDate "2016.04.20"]

1. e4 c5 2. c4 g6 3. Nc3 Bg7 4. Nge2 Nc6 5. d3 Nf6 6. g3 O-O 7. Bg2 d6 8. O-O
Bd7 9. h3 Qc8 10. Kh2 Ne8 11. Be3 Nc7 12. Qd2 Ne6 13. f4 Ned4 14. g4 e6 15. h4
Qd8 16. Bf2 Bf6 17. Rh1 Bxh4 18. Kg1 Bxf2+ 19. Kxf2 f5 20. gxf5 exf5 21. Rag1
Nxe2 22. Nxe2 fxe4 23. Bxe4 Bf5 24. Bxf5 Rxf5 25. Ng3 Rf7 26. Ne4 Qf8 27. Rh4
Re8 28. Ng5 Nd4 29. Re1 Rxe1 30. Kxe1 Re7+ 31. Kd1 h6 32. Qh2 Qe8 33. Ne4 Rxe4
34. dxe4 Nf3 35. Qf2 Nxh4 36. Qxh4 Qxe4 37. Qxh6 Qb1+ 38. Ke2 Qxb2+ 39. Kf3
Qc3+ 40. Kg4 Qg7 41. Qg5 Qd7+ 42. Kh4 Kg7 43. Qd5 b6 44. Kg5 Qe7+ 45. Kg4 Qe2+
46. Kh4 Qh5+ 47. Qxh5 gxh5 48. Kxh5 b5 49. Kg4 b4 50. Kf5 a5 51. Ke6 Kf8 52.
Kxd6 a4 53. Kxc5 b3 54. Kd6 b2 55. c5 b1=Q 56. c6 Qxa2 57. Kc7 Qf7+ 58. Kb8 a3
59. c7 Qxc7+ 0-1

[Event "Russian Championship B13 1st league 2016"]
[Site "Loo"]
[Date "2016.04.21"]
[Round "2.13"]
[White "Akhmetshin, Alexander"]
[Black "Buyukli, Egor"]
[Result "1-0"]
[WhiteElo "1579"]
[BlackElo "1754"]
[PlyCount "119"]
[EventDate "2016.04.20"]

1. d4 d5 2. Nf3 Nf6 3. Bf4 c5 4. e3 e6 5. h3 Nc6 6. c3 Bd6 7. Be5 O-O 8. Bd3 c4
9. Be2 Ne4 10. Nbd2 Nxd2 11. Qxd2 Bxe5 12. Nxe5 Nxe5 13. dxe5 Qg5 14. O-O Qxe5
15. f4 Qc7 16. Qd4 Bd7 17. Rad1 Qb6 18. Qxb6 axb6 19. Bxc4 dxc4 20. Rxd7 Rxa2
21. Rc7 b5 22. b3 g6 23. bxc4 bxc4 24. Rxc4 Re2 25. Re4 Rd8 26. Rd4 Rb8 27. Rd3
b6 28. Ra1 Rb7 29. Ra6 Kg7 30. Kh2 b5 31. Kg3 b4 32. Kf3 Rb2 33. cxb4 R7xb4 34.
Ra7 Rb7 35. Rd7 Rxa7 36. Rxa7 Rb4 37. Ra5 Kf6 38. g4 h6 39. h4 Kg7 40. h5 f5
41. gxf5 gxf5 42. Ra7+ Kg8 43. Ra1 Re4 44. Rg1+ Kh7 45. Rg6 e5 46. Re6 exf4 47.
Rxe4 fxe4+ 48. Kxf4 Kg7 49. Kxe4 Kf6 50. Kf4 Ke6 51. e4 Kf6 52. e5+ Ke6 53. Ke4
Ke7 54. Kf5 Kf7 55. e6+ Ke7 56. Ke5 Ke8 57. Kf6 Kf8 58. Kg6 Ke7 59. Kxh6 Kxe6
60. Kg7 1-0

[Event "Russian Championship B13 1st league 2016"]
[Site "Loo"]
[Date "2016.04.21"]
[Round "2.14"]
[White "Levkin, Lev"]
[Black "Kleimenov, Ivan"]
[Result "0-1"]
[WhiteElo "1753"]
[BlackElo "1576"]
[PlyCount "174"]
[EventDate "2016.04.20"]

1. d4 Nf6 2. c4 g6 3. Nc3 Bg7 4. e4 d6 5. f3 O-O 6. Be3 Nbd7 7. Qd2 c5 8. Nge2
b6 9. h4 h5 10. Bh6 Ba6 11. b3 e5 12. d5 Rb8 13. Bxg7 Kxg7 14. a4 Rh8 15. g3
Ng8 16. Nb5 Bxb5 17. cxb5 Nh6 18. Bh3 Rf8 19. Nc3 Ra8 20. Ke2 Nf6 21. Nd1 a6
22. bxa6 Rxa6 23. Nc3 Ne8 24. Qg5 f6 25. Qd2 Nc7 26. g4 hxg4 27. fxg4 Rh8 28.
Nb5 Nxb5 29. axb5 Rxa1 30. Rxa1 Nf7 31. Qe1 Qd7 32. Kd3 Qxb5+ 33. Kc2 c4 34. b4
c3 35. Kb3 Qd3 36. Bf1 Qd2 37. Qxd2 cxd2 38. Kc2 Rxh4 39. Be2 f5 40. exf5 gxf5
41. gxf5 Rxb4 42. Ra7 Kf6 43. Kxd2 Rd4+ 44. Ke3 Ng5 45. Rb7 Rxd5 46. Rxb6 Kxf5
47. Rb8 Kf6 48. Rf8+ Ke7 49. Rg8 Nh3 50. Bc4 Rc5 51. Ba2 Nf4 52. Rg7+ Kf6 53.
Rf7+ Kg6 54. Re7 Nd5+ 55. Bxd5 Rxd5 56. Re8 Kf7 57. Rh8 Rd4 58. Rh5 Ke6 59.
Rh6+ Kd5 60. Rh8 Rc4 61. Rh5 Rc3+ 62. Kd2 Kd4 63. Rh6 d5 64. Rd6 Rc4 65. Rb6 e4
66. Rd6 e3+ 67. Ke2 Rc2+ 68. Kd1 e2+ 69. Ke1 Ke3 70. Re6+ Kd3 71. Re3+ Kc4 72.
Ra3 Rb2 73. Ra4+ Kd3 74. Ra3+ Ke4 75. Re3+ Kd4 76. Re8 Rc2 77. Rd8 Kc4 78. Rc8+
Kd3 79. Re8 d4 80. Re3+ Kc4 81. Re4 Kc3 82. Re3+ d3 83. Kf2 Rc1 84. Re4 e1=Q+
85. Rxe1 Rxe1 86. Kxe1 Kc2 87. Kf2 d2 0-1

[Event "Russian Championship B13 1st league 2016"]
[Site "Loo"]
[Date "2016.04.21"]
[Round "2.15"]
[White "Agabekov, Saveliy"]
[Black "Shoshin, Kirill"]
[Result "1/2-1/2"]
[WhiteElo "1567"]
[BlackElo "1746"]
[PlyCount "89"]
[EventDate "2016.04.20"]

1. e4 c5 2. Nf3 g6 3. h4 h5 4. Bc4 Bg7 5. Ng5 Nh6 6. Nc3 O-O 7. d3 Nc6 8. a3 a6
9. Bf4 d6 10. Qd2 Ng4 11. f3 Nge5 12. Ba2 e6 13. Rg1 Nd4 14. Kd1 b5 15. Ne2
Nxe2 16. Qxe2 Nc6 17. Kc1 Qb6 18. Bxd6 Nd4 19. Qd1 Qxd6 20. g4 Qf4+ 21. Kb1 Qe5
22. c3 Nc6 23. gxh5 gxh5 24. f4 Qd6 25. Qxh5 Qxd3+ 26. Kc1 Qe3+ 27. Kc2 Qf2+
28. Kb1 Qxg1+ 29. Kc2 Qf2+ 30. Kb1 Qe1+ 31. Kc2 Qf2+ 32. Kb1 Qe1+ 33. Kc2 Qf2+
34. Kb1 Bh6 35. Qxh6 Qe1+ 36. Kc2 Qe2+ 37. Kc1 Qe3+ 38. Kc2 Qf2+ 39. Kb1 Qf1+
40. Kc2 Qe2+ 41. Kc1 Qe3+ 42. Kc2 Nd4+ 43. cxd4 Qe2+ 44. Kc1 Qe3+ 45. Kc2
1/2-1/2

[Event "Russian Championship B13 1st league 2016"]
[Site "Loo"]
[Date "2016.04.21"]
[Round "2.16"]
[White "Zuev, Aleksandr"]
[Black "Kitaev, Roman"]
[Result "0-1"]
[WhiteElo "1563"]
[BlackElo "1744"]
[PlyCount "88"]
[EventDate "2016.04.20"]

1. e4 c5 2. a3 Nc6 3. b4 cxb4 4. axb4 Nxb4 5. d4 Qc7 6. c3 Nc6 7. Nf3 d6 8. h3
Nf6 9. Bd3 e6 10. Bd2 Be7 11. Na3 a6 12. Nb5 Qb8 13. Na3 O-O 14. Nc4 b5 15. e5
dxe5 16. Ncxe5 Nxe5 17. Nxe5 Bd6 18. Ng4 Nd5 19. g3 f5 20. Ne3 Qc7 21. Rc1 Nxe3
22. Bxe3 Bb7 23. Rg1 Bd5 24. Qh5 Ba3 25. Rc2 Bb3 26. Bd2 Bxc2 27. Bxc2 Bb2 28.
Bb3 Rae8 29. g4 Bxc3 30. gxf5 Bxd2+ 31. Kxd2 Qf4+ 32. Kd1 Qxd4+ 33. Ke1 Qe5+
34. Kf1 Qxf5 35. Qe2 Qxh3+ 36. Rg2 Qxb3 37. Qg4 Qc4+ 38. Qxc4 bxc4 39. f4 Rxf4+
40. Ke1 Rb8 41. Rc2 Rh4 42. Rxc4 Rxc4 43. Kd1 Rb3 44. Ke2 Rc2+ 0-1

[Event "Russian Championship B13 1st league 2016"]
[Site "Loo"]
[Date "2016.04.21"]
[Round "2.17"]
[White "Beloshapko, Matvej"]
[Black "Mizirenkov, Stepan Dmitriev"]
[Result "1-0"]
[WhiteElo "1741"]
[BlackElo "1567"]
[PlyCount "45"]
[EventDate "2016.04.20"]

1. e4 e5 2. Nf3 Nc6 3. d4 exd4 4. Nxd4 Bc5 5. Nb3 Bb6 6. Nc3 Qf6 7. Qe2 Nge7 8.
Be3 O-O 9. O-O-O d6 10. f3 Re8 11. g4 g6 12. h4 Bd7 13. g5 Qg7 14. h5 a6 15.
Bxb6 cxb6 16. Rxd6 Rad8 17. hxg6 Nxg6 18. Nd5 Kf8 19. Nf6 Ke7 20. Qd2 Be6 21.
Nxe8 Rxe8 22. f4 Nf8 23. f5 1-0

[Event "Russian Championship B13 1st league 2016"]
[Site "Loo"]
[Date "2016.04.21"]
[Round "2.18"]
[White "Traschenko, Damir"]
[Black "Styazhkin, Nikita"]
[Result "1-0"]
[WhiteElo "1733"]
[BlackElo "1562"]
[PlyCount "61"]
[EventDate "2016.04.20"]

1. e4 e5 2. Nf3 Nc6 3. d4 exd4 4. Nxd4 Bc5 5. Be3 Qf6 6. c3 Nge7 7. Bc4 Ne5 8.
Be2 Qg6 9. O-O d6 10. f4 Qxe4 11. Bf2 N5g6 12. Nd2 Qxf4 13. Nb5 O-O 14. Bxc5
Qg5 15. Bf2 Bh3 16. Bg3 Nf5 17. Ne4 Qe3+ 18. Nf2 Nxg3 19. hxg3 c6 20. Nd4 Bd7
21. Qd3 Rae8 22. Qxe3 Rxe3 23. Bf3 Ne5 24. Ne4 d5 25. Nc5 Bc8 26. Kf2 Nc4 27.
b3 Rxc3 28. bxc4 Rxc4 29. Ncb3 b5 30. Rac1 c5 31. Nxb5 1-0

[Event "Russian Championship B13 1st league 2016"]
[Site "Loo"]
[Date "2016.04.21"]
[Round "2.19"]
[White "Tishkin, Boris"]
[Black "Lvov, Nikita"]
[Result "1/2-1/2"]
[WhiteElo "1561"]
[BlackElo "1731"]
[PlyCount "84"]
[EventDate "2016.04.20"]

1. d4 d5 2. c4 c6 3. Nf3 Nf6 4. Nc3 dxc4 5. a4 e6 6. e4 c5 7. Bf4 cxd4 8. Nxd4
Bb4 9. f3 O-O 10. Bxc4 Bd7 11. O-O Nc6 12. Nxc6 Bxc6 13. Qe2 Qe7 14. Bg5 Qc5+
15. Be3 Qh5 16. Rfd1 Rfd8 17. Rd3 Rxd3 18. Qxd3 Qa5 19. Ne2 Bc5 20. Nd4 Rd8 21.
Kh1 Qb6 22. Rd1 e5 23. a5 Qc7 24. Nxc6 Rxd3 25. Rxd3 Qxc6 26. Bxc5 h6 27. b4 b6
28. axb6 axb6 29. Rd6 Qc7 30. Rxb6 Nd7 31. Rb5 Nxc5 32. bxc5 Qa7 33. h4 Qa4 34.
Rb8+ Kh7 35. Bd5 Qa5 36. c6 Qe1+ 37. Kh2 Qxh4+ 38. Kg1 Qe1+ 39. Kh2 Qh4+ 40.
Kg1 Qe1+ 41. Kh2 Qh4+ 42. Kg1 Qe1+ 1/2-1/2

[Event "Russian Championship B13 1st league 2016"]
[Site "Loo"]
[Date "2016.04.21"]
[Round "2.20"]
[White "Savintsev, Vladimir V"]
[Black "Zakirov, Artur"]
[Result "0-1"]
[WhiteElo "1559"]
[BlackElo "1725"]
[PlyCount "96"]
[EventDate "2016.04.20"]

1. d4 d5 2. Bf4 Nf6 3. Nf3 e6 4. e3 c5 5. c3 Nc6 6. Nbd2 Bd6 7. Bg3 O-O 8. Bd3
b6 9. Ne5 Qc7 10. Nxc6 Qxc6 11. Nf3 Qc7 12. Ne5 Nd7 13. f4 f5 14. O-O a5 15. a4
Ba6 16. Bxa6 Rxa6 17. Bh4 Nf6 18. Bxf6 Rxf6 19. Kh1 Ra8 20. Rg1 Bxe5 21. dxe5
Rf7 22. g4 Qc6 23. Qf3 c4 24. g5 g6 25. h4 Rb8 26. Rg2 Qe8 27. Rh2 Kf8 28. h5
Ke7 29. hxg6 hxg6 30. Rh6 Rg7 31. Kg2 Kd7 32. Qh3 Kc6 33. Rh7 Rbb7 34. Rh8 Rg8
35. Rxg8 Qxg8 36. Qh6 Rh7 37. Rh1 Rxh6 38. gxh6 Qh7 39. Kf3 Kd7 40. Ke2 Ke7 41.
Kd2 Kf7 42. Kc2 Kg8 43. Kb1 Qd7 44. h7+ Kh8 45. Ka2 Qxa4+ 46. Kb1 Qb3 47. Kc1
Qa2 48. Kc2 a4 0-1

[Event "Russian Championship B13 1st league 2016"]
[Site "Loo"]
[Date "2016.04.21"]
[Round "2.21"]
[White "Ismailov, Amir"]
[Black "Konovalov, Alexey"]
[Result "0-1"]
[WhiteElo "1714"]
[BlackElo "1560"]
[PlyCount "54"]
[EventDate "2016.04.20"]

1. c4 c5 2. Nc3 Nf6 3. g3 d5 4. cxd5 Nxd5 5. Bg2 Nc7 6. d3 Nc6 7. Ne4 e5 8. Bg5
f6 9. Be3 Nd5 10. Bd2 Be6 11. Rc1 b6 12. Nc3 Rc8 13. Qb3 Nd4 14. Qa4+ Bd7 15.
Qd1 Bc6 16. e3 Ne6 17. Nxd5 Bxd5 18. Qa4+ Kf7 19. e4 Bc6 20. Qxa7+ Be7 21. Qa6
b5 22. b4 Qxd3 23. Rc3 Qd7 24. Rxc5 Nxc5 25. bxc5 Ra8 26. Bh3 Rxa6 27. Bxd7
Bxd7 0-1